000 00570nam a22001937a 4500
005 20251108171843.0
008 250721s1988 xx 000 0 ara d
082 1 4 _a618.92/محم
100 1 _aالنابلسي، محمد أحمد
245 1 0 _aالربو عند الأطفال /
264 1 _aبيروت :
_bدار النهضة العربية،
_c1988.
300 _a126ص
490 0 _aسلسلة علم نفس الطفل ؛ 7
650 1 7 _aالأطفال
650 1 7 _aالأمراض
650 1 7 _aطب الأطفال
942 _2ddc
_cBK
999 _c64325
_d64325